[Event "Olympiad Women 2024"]
[Site "Budapest HUN"]
[Date "2024.09.13"]
[Round "3.6"]
[Board "3"]
[White "Orian, Noga"]
[Black "Gaponenko, Inna"]
[Result "0-1"]
[WhiteElo "2187"]
[BlackElo "2324"]
[PlyCount "108"]
[EventDate "2024.09.11"]
[WhiteTeam "Israel"]
[BlackTeam "Ukraine"]
[WhiteTeamCountry "ISR"]
[BlackTeamCountry "UKR"]

1. d4 {Kapengut,Albert Z} Nf6 2. c4 c5 3. d5 e6 4. Nc3 exd5 5. cxd5 d6 6. e4 g6 7. f4 Bg7 8. Bb5+ Nfd7 9. a4 O-O 10. Nf3 Na6 11. O-O Nb4 12. a5 ({RR} 12. h3 a6 13. Bc4 ({RR} 13. Be2 Re8 14. Re1 ({RR} 14. Be3 Nf6 15. e5 dxe5 16. Bxc5 Nfxd5) 14... f5 15. exf5 gxf5 16. Bc4 Nb6 ({RR} 16... Rxe1+ 17. Nxe1 Bd4+ 18. Kh1 Qf6 19. Bd2 Nb6) 17. Rxe8+ Qxe8 18. Bf1 Bd7 19. a5 Nc8 20. Bd2 b5 21. Qb3 h6 22. Na2 Nxa2 23. Qxa2 Ne7 24. Bc3 Qf7 25. Rd1 Re8 26. Kh2 Bc6 27. Bxg7 Kxg7) 13... f5 ({RR} 13... Nf6 14. Re1 ({RR} 14. Be3 Nxe4 ({RR} 14... Re8 15. e5 Nd7 16. Ng5 h6 17. Ne6 fxe6 18. dxe6 Kh7 19. exd6 Bd4 20. Bxd4 cxd4 21. Ne4 b5 22. f5) 15. Nxe4 Re8 16. Ne5 dxe5 ({RR} 16... b6 17. Ng5 dxe5 ({RR} 17... f6 18. Ne6 Bxe6 19. dxe6 d5 20. Nc6 Nxc6 21. Bxd5 Qc7 22. f5) 18. fxe5 Bh6 19. e6) 17. Bxc5 exf4 18. Rxf4 ({RR} 18. Nd6 Bf8) 18... g5 ({RR} 18... Be5 19. Rf2 Bf5 20. Bxb4 Bxe4 21. d6 Kh8 22. Bxf7) 19. Nd6 gxf4 20. Nxe8 Qxe8 21. Qe1 Qxe1+ 22. Rxe1 Bd7 23. Bxb4 Bxa4 24. d6 Re8) 14... Nd7 ({RR} 14... b6 15. e5 Ne8 16. Be3 Ra7 17. Bf2 Bh6 18. Bh4 f6 19. exf6 ({RR} 19. Ne4 Bxf4 20. Nxf6+ Nxf6 21. Bxf6 Rxf6 22. exf6 Rf7) 19... Nxf6 20. Ne4 Bg7 21. Ne5 ({RR} 21. Ra3 h6 22. g4 Raf7 23. Ne5 dxe5 24. fxe5 g5 25. exf6 gxh4 26. fxg7 Rxg7 27. Rae3 h5 28. g5 b5) 21... Qc7 ({RR} 21... dxe5 22. fxe5) 22. Nc6 Nxe4 23. Rxe4) 15. Be3 Qc7 ({RR} 15... Rb8 16. Qd2 Nb6 17. Bf1 Re8 18. a5 ({RR} 18. Rad1 Bd7 19. Ra1 Qc7 20. e5 Bf5 21. g4 Bc2 22. e6 Bb3 23. a5 N6xd5 24. exf7+ Qxf7 25. Ng5 Qd7 26. Nxd5 Bxd5 27. Bg2 Bxg2 28. Kxg2 Qc6+) 18... Na8 19. e5 Nc7 20. Ne4 dxe5 21. d6) 16. Bf2 Nb6 ({RR} 16... Rb8 17. Rc1 Bh6 18. Bg3 Qa5 19. Ra1 Nb6 20. Bf1 c4 21. f5 Qc5+ 22. Qd4 Qxd4+ 23. Nxd4 Bg7 24. Nf3 Nc2 25. Bxd6) 17. Bf1 Re8 18. Qd2 Rb8 19. Rac1 Bd7 20. b3 Nc8 21. e5 b5 22. axb5 Qb7 23. bxa6 Nxa6 24. Ne4 Bf5 25. Nf6+ ({RR} 25. Neg5 Ra8) 25... Bxf6 26. exf6 Nb6 27. g4 Be4 28. f5) ({RR} 13... Qa5 14. Ra3 ({RR} 14. Bd2 Nb6 15. b3 Re8 16. Re1 Nxc4 17. bxc4 Nd3) 14... Qc7 15. Re1 Rb8 16. e5 Nb6 17. b3 ({RR} 17. Bf1 Bf5) 17... Bf5 18. Ne4 dxe5 ({RR} 18... Bxe4 19. Rxe4 dxe5 20. fxe5 N6xd5 21. Bxd5 Rbd8) 19. fxe5 Rbd8 20. d6 Qc6 21. Ng3 Bc2 22. Qe2 h6 ({RR} 22... Nxc4 23. Qxc4 Bd3 24. Qg4 Nc2 25. Rd1 c4) 23. Bd2 Nxc4 24. Qxc4 Qd5 25. Qh4 Nd3) ({RR} 13... Rb8 14. Be3 Re8 ({RR} 14... b5) 15. Bf2 b5 ({RR} 15... Nb6 16. Be2 Na8) 16. axb5 Nb6 17. Be2 axb5 18. Bh4 Bf6 19. Bxf6 Qxf6 20. Bxb5 Bd7 21. Bxd7 Nxd7 22. Qd2 ({RR} 22. Ra7) 22... c4 23. e5) ({RR} 13... Re8 14. Re1 Rb8 ({RR} 14... Nb6 15. Bf1 a5) ({RR} 14... Bd4+ 15. Nxd4 cxd4 16. Na2 Nxa2 17. Rxa2 Qh4 18. b3 f5 19. e5) ({RR} 14... b6 15. Be3 Qc7 16. Bf2 Rb8 17. Bg3 b5 18. axb5 Nb6 19. Bf1 c4 20. Bf2 Nd7 21. Qa4 Nd3 22. Bxd3 cxd3 23. bxa6 Rxb2 24. Nb5 Rxb5 25. Qxb5 Bxa1 26. Rxa1) ({RR} 14... Nf8 15. Be3 Rb8 16. e5 Bf5 17. Rc1 Qd7 18. a5 ({RR} 18. g4 b5 19. Be2 Bxg4 20. hxg4 Qxg4+ 21. Kf2 dxe5 22. Nxe5 Qh4+ 23. Kg2 Rxe5 24. fxe5 ({RR} 24. Rh1 Qxh1+) 24... Bxe5 25. Bf3 Qg3+ 26. Kf1 Nd3) 18... Rbc8 19. Bf2 ({RR} 19. g4 Bxg4 20. hxg4 Qxg4+ 21. Kf2 dxe5 22. Rg1 Qh3 23. Rg3) 19... Qd8 20. g4 Bd7 21. Ne4 dxe5 22. fxe5 Qxa5 23. Nd6) 15. Be3 b5 ({RR} 15... b6 16. Bf2 Bb7 17. Qd2 Ba8 18. Re2 f6 19. Rae1 h6 20. g4 g5 21. Bg3 Nf8 22. e5) 16. axb5 axb5 17. Bf1 c4 18. Bf2 Na6 19. Nd4 Bxd4 20. Bxd4 Nac5 21. e5 dxe5 22. fxe5 Nb3 23. e6 fxe6 24. dxe6 Nf6 ({RR} 24... Nf8 25. Ba7 Bxe6 26. Bxb8 Qb6+ 27. Kh1 Nxa1 28. Nd5 Qxb8 29. Nf6+ Kf7 30. Nxe8 Qxe8 31. Qf3+ Kg7 32. Rxa1) 25. Nxb5 ({RR} 25. Ba7 Bxe6 26. Bxb8 Qb6+ 27. Kh1 Rxb8) 25... Rxb5 26. Bxf6 Qxf6 27. Bxc4 Nd4 ({RR} 27... Nxa1 28. Bxb5 Rd8 29. Qxd8+ Qxd8 30. e7 Qb6+ 31. Kh1 Qxb5 32. e8=Q+ Qxe8 33. Rxe8+ Kg7 34. Rxc8) 28. Re4) 14. Ng5 ({RR} 14. e5 dxe5 ({RR} 14... Nb6 15. b3) 15. d6+ Kh8 16. Ng5 ({RR} 16. fxe5 Nxe5 17. Nxe5 Bxe5 18. Bh6 Bd4+ 19. Kh1 Qxd6) 16... e4 17. Ne6 Qf6 18. Nxf8 Nxf8) 14... Nb6 15. Bb3 ({RR} 15. Be2 a5 ({RR} 15... h6 16. Ne6 Bxe6 17. dxe6 fxe4 18. a5)) 15... a5 16. Be3 ({RR} 16. Ne6 Bxe6 17. dxe6 c4 18. Bc2 d5) 16... fxe4 ({RR} 16... c4 17. Bc2 Re8 18. Re1 Bd7) 17. Kh1 ({RR} 17. Qd2 c4 18. Bc2 Bxc3 19. bxc3 Nxc2 20. Qxc2 Nxd5 21. Qxe4 Nxe3 22. Qxe3 Bf5) ({RR} 17. Qe2 c4 18. Bxc4 Nxc4 19. Qxc4 Nc2) ({RR} 17. Ncxe4 c4 ({RR} 17... Bxb2 18. Nxc5 dxc5 19. Bxc5)) 17... Nd3 18. Qd2 Re8 19. Rab1 ({RR} 19. Ngxe4 Nxb2) ({RR} 19. Ncxe4 Nxb2 20. Rac1 N6xa4 ({RR} 20... Bf5 21. Nxc5 dxc5 22. Bxc5) ({RR} 20... N2xa4 21. Ne6 Bxe6 22. dxe6 d5) 21. Ne6 Qb6) 19... Bf5 20. g4 h6 21. gxf5 ({RR} 21. Ne6 Bxe6 22. dxe6 d5 23. f5 Qh4 24. Qg2 d4) ({RR} 21. Ngxe4 Bxe4+ 22. Nxe4 Qe7 23. Qxd3 Qxe4+ 24. Qxe4 Rxe4) 21... hxg5 22. fxg5 gxf5 23. Rxf5 ({RR} 23. Qe2 Qd7 24. Qh5 Rf8 ({RR} 24... Rac8 25. g6 Bd4 26. Bxd4 cxd4 27. Nb5 Nc5 28. Nxd6 Nxb3 29. g7 Qxd6 30. Rxf5) 25. g6 Be5 26. Bh6 c4 27. Bc2) 23... Qd7 24. Rbf1 Re5 25. Rf7 ({RR} 25. Nxe4 Rxf5 26. Qxd3 c4) 25... Qxh3+ 26. Qh2 ({RR} 26. Kg1 Rxg5+ 27. Bxg5 Bd4+) 26... Qxh2+ {0-1 Bareev,E (2726)-Topalov,V (2745) Candidates sf2 2002 (1)}) ({RR} 12. Bd2) ({RR} 12. f5) ({RR} 12. Kh1) ({RR} 12. Be3) ({RR} 12. Re1) 12... a6 13. Be2 Re8 14. Kh1 ({RR} 14. Nd2 b5 15. axb6 Nxb6 16. Nc4 Nxc4 17. Bxc4 f5 18. e5 dxe5 19. d6+ Kh8 20. fxe5 Bxe5 21. Re1 Bxh2+ 22. Kxh2 Qh4+ {0-1 Prohorov,O (2086)-Domin,Y (1951) Malakhatko 40Day Mem 2023 (4.5)}) 14... Nf6 $146 ({RR} 14... b5 15. axb6 Nxb6 16. Ra3 f5 17. e5 Bb7 18. Ng5 dxe5 19. Ne6 Qd6 20. Nxg7 Kxg7 21. fxe5 Qxe5 22. Bf4 Qd4 23. Qc1 N6xd5 24. Nxd5 Rxe2 25. Bh6+ Kf7 26. Nf4 Rc2 27. Qe1 Re8 28. Qg3 Qxb2 29. Re3 {0-1 Sitbon,I (2133)-Milosevic,M (2379) 59th World Juniors 2022 (8.40)}) 15. Nd2 Bd7 16. g4 Bb5 17. Nxb5 axb5 18. Bxb5 Re7 19. Qf3 Nc2 20. Ra4 Rxa5 21. Rxa5 Qxa5 22. Bd3 Nd4 23. Qg2 b5 24. e5 dxe5 25. g5 Nd7 26. Ne4 exf4 27. Bxf4 c4 28. Bd6 Re8 29. Qf2 Nf5 30. Nf6+ Nxf6 31. Bxf5 Qd8 32. gxf6 Qxd6 33. Be6 Bh6 34. Qa7 Rf8 35. Qe7 Qb6 36. Rd1 Qf2 37. Bg4 Bg5 38. Qe2 Qxe2 39. Bxe2 Bxf6 40. b3 cxb3 41. Bxb5 b2 42. Kg2 Rc8 43. Bc6 Rb8 44. Rb1 Rb4 45. h3 Rc4 46. Bb5 Rc5 47. Bd3 Rxd5 48. Be4 Rd2+ 49. Kf1 Bc3 50. Kg1 f5 51. Bf3 Rc2 52. Bd5+ Kg7 53. Ba2 Rc1+ 54. Kg2 Kf6 0-1

[Event "Olympiad Women 2024"]
[Site "Budapest HUN"]
[Date "2024.09.13"]
[Round "3.6"]
[Board "4"]
[White "Doluhanova, Evgeniya"]
[Black "Levitan, Ronit"]
[Result "1/2-1/2"]
[WhiteElo "2304"]
[BlackElo "2137"]
[PlyCount "128"]
[EventDate "2024.09.11"]
[WhiteTeam "Ukraine"]
[BlackTeam "Israel"]
[WhiteTeamCountry "UKR"]
[BlackTeamCountry "ISR"]

1. e4 e5 2. Nf3 Nc6 3. d4 exd4 4. Nxd4 Nf6 5. Nxc6 bxc6 6. Bd3 d5 7. exd5 cxd5 8. O-O Be7 9. h3 O-O 10. Nc3 ({RR} 10. Nd2 a5 11. Re1 Bb7 12. Nf3 Ne4 13. Be3 Bf6 14. c3 a4 15. a3 c5 16. Qc2 Qb6 17. Re2 Ba6 18. Ne1 h6 19. Rd1 Rfd8 20. Bxa6 Qxa6 21. Nd3 Qc4 22. Ree1 d4 23. Ne5 Bxe5 24. Qxe4 Bf6 {0-1 Jobava,B (2669)-Vallejo Pons,F (2705) ITA-chT 50th 2018 (5.1)}) 10... c6 11. Re1 Bd6 $146 ({RR} 11... Be6 12. Qf3 Nd7 13. Ne2 Bf6 14. Nf4 Re8 15. Nh5 g6 16. Nxf6+ Qxf6 17. Qxf6 Nxf6 18. Bf4 Nd7 19. b4 a5 20. a3 axb4 21. axb4 Nb6 22. Ra5 Nc4 23. Rc5 Ra6 24. Bxc4 dxc4 25. Rxc4 Rd8 26. Rc5 {½-½ Cagasik,T (2193)-Hodovsky,J (2120) CZE-chT1E 1516 2015 (11.5)}) ({RR} 11... h6 12. Bf4 Be6 13. Qf3 c5 14. Rad1 Re8 15. Be5 d4 16. Ne4 Nd5 17. Ng3 Bf6 18. Qe4 g6 19. Bxf6 Qxf6 20. Bb5 Red8 21. Bc6 Rab8 22. Rb1 Ne7 23. b3 h5 24. f4 Rd6 25. Ba4 Nd5 26. Rf1 {0-1 Prada Villagrasa,P (2022)-Rodriguez Rivero,J (2141) Titled Tue 20th Aug Late 2024 (5)}) ({RR} 11... Be6 12. Bf4 Bd6 13. Qd2 Rb8 14. b3 Rb4 15. Ne2 Nh5 16. Bxd6 Qxd6 17. c3 Rb7 18. Rac1 Qe7 19. Nd4 c5 20. Nf3 Qf6 21. Qg5 Qxg5 22. Nxg5 h6 23. Nxe6 fxe6 24. Rxe6 Nf4 25. Re3 Rbf7 26. Rc2 {½-½ Giede,A (1374)-Reyher,S (1644) GER-ch U16 Girls 2015 (2)}) 12. Qf3 Rb8 13. b3 Bb4 14. Bd2 d4 15. Ne4 Bxd2 16. Nxd2 c5 17. Re5 Qc7 18. Rae1 Be6 19. Qg3 h6 20. Bc4 Bxc4 21. Nxc4 Nd7 22. Rd5 Qxg3 23. fxg3 Nb6 24. Rxc5 Nxc4 25. Rxc4 Rfc8 26. Rxc8+ Rxc8 27. Re2 Rc3 28. Rd2 Kf8 29. Rxd4 Rxc2 30. Ra4 Rc7 31. Re4 Rc2 32. a4 a5 33. Re3 f6 34. g4 Kf7 35. Kh2 g5 36. Kg3 Rd2 37. Kf3 Rc2 38. g3 Rh2 39. Rc3 Ke6 40. Rc6+ Ke7 41. Rb6 Rc2 42. h4 Rc3+ 43. Kg2 Rc2+ 44. Kh3 Rb2 45. Rb7+ Ke6 46. h5 Rc2 47. Rb5 Rb2 48. Rxa5 Rxb3 49. Ra6+ Kf7 50. a5 Ra3 51. Ra8 Ra2 52. Ra7+ Kg8 53. a6 Kh8 54. Re7 Rxa6 55. Kg2 Kg8 56. Kf3 Ra4 57. Rd7 Rb4 58. Ra7 Rc4 59. Ra6 Kf7 60. Ra7+ Kg8 61. Re7 Ra4 62. Rd7 Rb4 63. Re7 Ra4 64. Rd7 Rb4 1/2-1/2

[Event "Olympiad Women 2024"]
[Site "Budapest HUN"]
[Date "2024.09.13"]
[Round "3.7"]
[Board "1"]
[White "Mammadzada, Gunay"]
[Black "Francisco Guecamburu, Candela Be"]
[Result "1/2-1/2"]
[WhiteElo "2433"]
[BlackElo "2294"]
[PlyCount "60"]
[EventDate "2024.09.11"]
[WhiteTeam "Azerbaijan"]
[BlackTeam "Argentina"]
[WhiteTeamCountry "AZE"]
[BlackTeamCountry "ARG"]

1. e4 e5 2. Nf3 Nc6 3. Bb5 a6 4. Ba4 Nf6 5. O-O d6 6. c3 Bd7 7. d4 exd4 ({RR} 7... g6 8. Bg5 Bg7 9. Re1 O-O 10. dxe5 Nxe5 11. Nxe5 Bxa4 12. Qxa4 dxe5 13. Nd2 h6 14. Be3 Ng4 15. Nf1 Nxe3 16. Nxe3 c6 17. Rad1 Qc7 18. h4 h5 19. g4 Qe7 20. gxh5 Qxh4 21. hxg6 fxg6 22. Qc4+ {½-½ Aronian,L (2782)-Karthikeyan,M (2630) Tata Steel India Rapid 2021 (7)}) 8. cxd4 Nxe4 9. d5 $146 ({RR} 9. Re1 d5 10. Nc3 Bb4 11. Ng5 O-O 12. Ngxe4 dxe4 13. Rxe4 Na5 14. Qh5 Bxa4 15. Nxa4 Re8 16. Rxe8+ Qxe8 17. Qd1 Rd8 18. Bg5 Rd5 19. Be3 Nc4 20. Qb3 Nxe3 21. fxe3 Rb5 22. Qd3 Bd6 23. b3 Rh5 {0-1 Casadio,N (2309)-Iermito,S (2511) 55th Italian Teams GpA 2024 (7.6)}) 9... Ne5 10. Re1 Nf6 11. Nxe5 dxe5 12. Rxe5+ Be7 13. Bc2 O-O 14. h3 Bd6 15. Re1 Re8 16. Nc3 Rxe1+ 17. Qxe1 Qe8 18. Qxe8+ Rxe8 19. Be3 Be5 20. Rd1 b5 21. a3 a5 22. Bd4 b4 23. axb4 axb4 24. Bxe5 Rxe5 25. Na2 Rxd5 26. Nxb4 Rxd1+ 27. Bxd1 Bb5 28. Bf3 Kf8 29. Nd5 Nxd5 30. Bxd5 Ke7 1/2-1/2

[Event "Olympiad Women 2024"]
[Site "Budapest HUN"]
[Date "2024.09.13"]
[Round "3.7"]
[Board "2"]
[White "Campos, Maria Jose"]
[Black "Fataliyeva, Ulviyya"]
[Result "1-0"]
[WhiteElo "2252"]
[BlackElo "2378"]
[PlyCount "117"]
[EventDate "2024.09.11"]
[WhiteTeam "Argentina"]
[BlackTeam "Azerbaijan"]
[WhiteTeamCountry "ARG"]
[BlackTeamCountry "AZE"]

1. Nf3 d5 2. c4 e6 3. g3 Nf6 4. Bg2 Be7 5. O-O O-O 6. d4 dxc4 7. Qc2 a6 8. a4 Bd7 9. Rd1 Bc6 10. Bg5 Nbd7 11. Nbd2 h6 12. Bxf6 Nxf6 13. Qxc4 ({RR} 13. Nxc4 Be4 14. Qb3 a5 15. Nfe5 Bd5 16. Rac1 Re8 17. Qc2 c6 18. e4 Bxc4 19. Qxc4 Qb6 20. d5 cxd5 21. exd5 Bb4 22. dxe6 Rxe6 23. Nd7 Nxd7 24. Rxd7 Rf6 25. Rc2 Rd8 26. Rxd8+ Qxd8 27. Qc8 Rd6 {½-½ Grischuk,A (2742)-Adams,M (2751) Sharjah FIDE GP 2017 (7)}) ({RR} 13. Nxc4 a5 14. Nfe5 Bxg2 15. Kxg2 c6 16. Qb3 Qc7 17. Rac1 Rad8 18. f4 Nd5 19. e4 Nb4 20. Nf3 b6 21. Ne3 Qb7 22. Nc2 c5 23. Nxb4 axb4 24. d5 exd5 25. exd5 Bf6 26. Rc2 Rd7 27. Rcd2 Rfd8 {½-½ Olsson,W (2373)-Johnson,D (2126) Paskturneringen Open 2024 (4.5)}) 13... Rc8 14. Qc2 Bb4 15. Nb3 $146 ({RR} 15. a5 Qe7 16. e4 Rfd8 17. Ne5 Bb5 18. Nb3 c5 19. dxc5 Rxd1+ 20. Rxd1 Bxc5 21. Nd3 Bxd3 22. Rxd3 Ng4 23. Nxc5 Rxc5 24. Rc3 Rxa5 25. Rc8+ Kh7 26. e5+ g6 27. Rc7 Qe8 28. Bxb7 Nxe5 29. Bc6 Qb8 {0-1 Donchenko,A (2636)-Giri,A (2764) World Rapid 2022 (3.6)}) 15... Be4 16. Qc4 Qe7 17. Rac1 b5 18. axb5 axb5 19. Qxb5 Rb8 20. Qa6 Rb6 21. Qc4 Bd5 22. Qd3 Bxb3 23. Qxb3 Bd2 24. Qxb6 cxb6 25. Rxd2 b5 26. Ne5 Qb4 27. Rcc2 Qa4 28. Bf3 b4 29. Kg2 Nd5 30. Rc5 Qa1 31. Nd3 b3 32. e4 Nf6 33. Rc3 Rb8 34. d5 exd5 35. exd5 g5 36. h3 h5 37. d6 g4 38. hxg4 hxg4 39. Bc6 Kg7 40. d7 Rh8 41. Nc1 Qa5 42. Nxb3 Qh5 43. Kf1 Rd8 44. Nc5 Qf5 45. Rdd3 Qh7 46. b4 Qh3+ 47. Kg1 Nxd7 48. Rxd7 Re8 49. Rd1 Re2 50. Rc4 Qh5 51. Nd3 Qf5 52. Nf4 Rb2 53. Rc5 Qc8 54. Nh5+ Kh8 55. Re1 Qa6 56. Re8+ Kh7 57. Be4+ f5 58. Bxf5+ Kh6 59. Rh8+ 1-0

[Event "Olympiad Women 2024"]
[Site "Budapest HUN"]
[Date "2024.09.13"]
[Round "3.7"]
[Board "3"]
[White "Balajayeva, Khanim"]
[Black "Borda Rodas, Anapaola S."]
[Result "1/2-1/2"]
[WhiteElo "2384"]
[BlackElo "2216"]
[PlyCount "104"]
[EventDate "2024.09.11"]
[WhiteTeam "Azerbaijan"]
[BlackTeam "Argentina"]
[WhiteTeamCountry "AZE"]
[BlackTeamCountry "ARG"]

1. e4 e5 2. Nf3 Nc6 3. Bb5 g6 4. c3 a6 5. Bxc6 dxc6 6. Nxe5 Qg5 7. d4 Qxg2 8. Qf3 Qxf3 9. Nxf3 Nf6 ({RR} 9... Bg7 10. Bf4 Bg4 11. Ne5 Be6 12. Nd2 Nf6 13. f3 O-O-O 14. O-O-O Nd7 15. Nec4 Rhe8 16. Rhg1 Bxc4 17. Nxc4 Nf8 18. h4 Ne6 19. Be3 h5 20. Kc2 Bf6 21. Rh1 b6 22. Rdf1 Kb7 23. e5 Be7 24. f4 {½-½ Navia,E (2053)-Slade,T (2109) Titled Tue 9th Jul Early 2024 (4)}) 10. Nbd2 Bd7 $146 ({RR} 10... Bg4 11. Ne5 Be6 12. f3 Nh5 13. Nd3 O-O-O 14. Nb3 Bd6 15. Nf2 b6 16. Bd2 a5 17. Ng4 Rde8 18. Ne3 Bf4 19. Nc1 Bh3 20. Kf2 Bg5 21. Ne2 Bh4+ 22. Kg1 Rhg8 23. Ng2 Bd8 24. Ngf4 Nxf4 25. Nxf4 {0-1 Sydykov,B (1655)-Huesmann,T (2193) Krefeld op 2022 (8)}) ({RR} 10... Bh6 11. e5 Nh5 12. Ne4 Bxc1 13. Rxc1 O-O 14. Kd2 Bg4 15. Nh4 f6 16. Rhg1 Bh3 17. Rce1 fxe5 18. dxe5 Rae8 19. Nxg6 hxg6 20. Rxg6+ Kh7 21. Rg5 Kh6 22. Reg1 Bf5 23. Rxh5+ Kxh5 24. Nf6+ Rxf6 25. exf6 {0-1 Hubert,S-Ballon,G (2285) Dornbirn op 1990}) 11. O-O O-O-O 12. Re1 h6 13. Nf1 Nh5 14. Ng3 Nxg3 15. hxg3 Bg7 16. Be3 Rde8 17. Nd2 h5 18. Kg2 h4 19. gxh4 Rxh4 20. Rh1 Rg4+ 21. Kf1 Rh8 22. Rxh8+ Bxh8 23. f3 Rh4 24. Kg2 Be6 25. a3 Bf6 26. Rh1 Rxh1 27. Kxh1 a5 28. Kg2 Be7 29. Kg3 b6 30. Kf2 Bh4+ 31. Ke2 Be7 32. Kd3 g5 33. Nf1 f5 34. exf5 Bxf5+ 35. Ke2 g4 36. fxg4 Bxg4+ 37. Kd2 Bd6 38. Bf2 Bf4+ 39. Be3 Bd6 40. Bf2 Be6 41. Bg3 Be7 42. Bf2 Bh3 43. Ng3 Bg5+ 44. Be3 Be7 45. Ne2 Bf5 46. Nf4 Bf6 47. Nd3 Kd7 48. Bf4 Be4 49. Ne5+ Kc8 50. Nd3 Kd7 51. Ne5+ Kc8 52. Nd3 Kd7 1/2-1/2

[Event "Olympiad Women 2024"]
[Site "Budapest HUN"]
[Date "2024.09.13"]
[Round "3.7"]
[Board "4"]
[White "Amura, Claudia"]
[Black "Mammadova, Gulnar"]
[Result "0-1"]
[WhiteElo "2191"]
[BlackElo "2336"]
[PlyCount "74"]
[EventDate "2024.09.11"]
[WhiteTeam "Argentina"]
[BlackTeam "Azerbaijan"]
[WhiteTeamCountry "ARG"]
[BlackTeamCountry "AZE"]

1. d4 Nf6 2. c4 e6 3. Bf4 d5 4. cxd5 Nxd5 5. Bg3 c5 6. e4 Nf6 7. Nd2 Nc6 8. e5 Nd7 9. Ngf3 cxd4 10. a3 ({RR} 10. Bc4 Be7 11. O-O O-O 12. Rc1 Nc5 13. a3 a5 14. Nb3 b6 15. Nbxd4 Nxd4 16. Nxd4 Bb7 17. Nb5 Ne4 18. Nd6 Qb8 19. Qd4 b5 20. Bxb5 Nxg3 21. hxg3 Bd5 22. Bc6 Bxd6 23. exd6 Ra6 24. Bxd5 Rxd6 {1-0 Carlsen,M (2847)-So,W (2772) Aimchess US Rapid Prelim 2021 (1)}) 10... Be7 11. Rc1 O-O 12. Bd3 f5 $146 ({RR} 12... a5 13. Bb1 d3 14. O-O Nc5 15. Rc3 b6 16. Nb3 Ba6 17. Nxc5 bxc5 18. Bxd3 Bxd3 19. Rxd3 Qb6 20. Qc2 Rab8 21. Rd2 Rfd8 22. Rxd8+ Rxd8 23. Bf4 Nd4 24. Nxd4 cxd4 25. Rd1 d3 26. Qc3 Bc5 27. Kh1 {½-½ Volkov,M (2340)-Navumenka,M (2242) TCh-RUS Premier 2024 (7.6)}) 13. h4 Nc5 14. Bb1 a5 15. Bf4 b5 16. g4 Qd5 17. gxf5 exf5 18. Rh3 Ne6 19. Bh2 a4 20. Nf1 Nc5 21. Bf4 Be6 22. Qe2 b4 23. Ng5 h6 24. Nxe6 Nxe6 25. Bh2 Rac8 26. Rd1 f4 27. Qd3 Qxe5+ 28. Re3 Qf6 29. Qh7+ Kf7 30. h5 Bd6 31. Qg6+ Qxg6 32. Bxg6+ Ke7 33. Rh3 Ng5 34. Rhd3 Ne5 35. Rxd4 Ngf3+ 36. Ke2 Nxd4+ 37. Rxd4 Nxg6 0-1

[Event "Olympiad Women 2024"]
[Site "Budapest HUN"]
[Date "2024.09.13"]
[Round "3.8"]
[Board "1"]
[White "Ouellet, Maili-Jade"]
[Black "Tokhirjonova, Gulrukhbegim"]
[Result "1/2-1/2"]
[WhiteElo "2318"]
[BlackElo "2380"]
[PlyCount "81"]
[EventDate "2024.09.11"]
[WhiteTeam "Canada"]
[BlackTeam "United States of America"]
[WhiteTeamCountry "CAN"]

1. d4 Nf6 2. c4 e6 3. Nc3 Bb4 4. e3 O-O 5. Bd3 d5 6. Nge2 b6 7. a3 Bd6 8. e4 dxe4 9. Nxe4 Bb7 10. Nxd6 cxd6 11. O-O d5 $146 ({RR} 11... Nbd7 12. Nc3 d5 13. Bg5 dxc4 14. Bxc4 Qc7 15. Ba2 Qd6 16. Re1 Rac8 17. Qd2 b5 18. Bf4 Qc6 19. f3 Nb6 20. Rac1 Qd7 21. Bg5 Nbd5 22. Ne2 Rxc1 23. Nxc1 Ne7 24. Nb3 Qd5 25. Re5 Qd6 26. Rxb5 {½-½ Ramirez,C (2284)-Martinez,C (2232) COL-ch San Andres Islas 2008 (8)}) 12. Bg5 dxc4 13. Bxc4 b5 14. Ba2 Nbd7 15. Nc3 h6 16. Be3 a6 17. d5 exd5 18. Nxd5 Nxd5 19. Bxd5 Bxd5 20. Qxd5 Nf6 21. Qc6 Qd5 22. Rac1 Qe5 23. Qc3 Qxc3 24. Rxc3 Nd5 25. Rd3 Nxe3 26. Rxe3 Rac8 27. Rfe1 Rc2 28. R3e2 Rfc8 29. g3 a5 30. Kf1 g5 31. Rxc2 Rxc2 32. Re2 Rc5 33. Ke1 Kg7 34. Kd2 Kf6 35. Kd3 Kf5 36. Re4 h5 37. h3 Kg6 38. b4 axb4 39. axb4 Rf5 40. Ke3 Rd5 41. Rd4 1/2-1/2

[Event "Olympiad Women 2024"]
[Site "Budapest HUN"]
[Date "2024.09.13"]
[Round "3.8"]
[Board "2"]
[White "Yip, Carissa"]
[Black "Li, Yunshan"]
[Result "1-0"]
[WhiteElo "2386"]
[BlackElo "2268"]
[PlyCount "81"]
[EventDate "2024.09.11"]
[WhiteTeam "United States of America"]
[BlackTeam "Canada"]
[BlackTeamCountry "CAN"]

1. e4 c5 2. Nf3 e6 3. d3 Nc6 4. g3 Nf6 5. Bg2 Be7 6. O-O O-O 7. Re1 d6 8. c3 Bd7 9. d4 cxd4 10. cxd4 d5 11. e5 Ne4 12. Nbd2 Nxd2 13. Bxd2 Rc8 ({RR} 13... Qb6 14. Bc3 a5 15. h4 Rfc8 16. Bf1 a4 17. a3 Na5 18. Bd3 Nb3 19. Rb1 Bb5 20. Bc2 Ba6 21. Ng5 g6 22. Nxh7 Kxh7 23. h5 Kg7 24. hxg6 Rh8 25. Qg4 Rag8 26. Re3 Kf8 27. Rf3 Rg7 28. Rxf7+ {½-½ Tobak,M (2338)-Mosesov,D (2453) All Ukranian Rapid 2024 (7.2)}) 14. Bf1 f5 $146 ({RR} 14... a6 15. Bd3 Nb4 16. Bb1 b5 17. h4 a5 18. Kg2 f5 19. exf6 gxf6 20. Ne5 fxe5 21. Bxh7+ Kxh7 22. Qh5+ Kg8 23. Qg6+ Kh8 24. Rxe5 Rf5 25. Qh6+ Kg8 26. Qg6+ Kh8 27. Rxf5 exf5 {½-½ Minic,D-Udovcic,M YUG-ch14 Final 1959 (2)}) 15. exf6 Bxf6 16. Bc3 Qe8 17. h4 Qf7 18. Qd2 Be7 19. Re3 Qh5 20. Be2 Qf5 21. Bd3 Qh5 22. Be2 Qf5 23. Rf1 Rf7 24. b4 Bf6 25. Nh2 Be7 26. b5 Nd8 27. Re5 Qg6 28. h5 Qh6 29. Qe1 g5 30. Ng4 Qg7 31. h6 Qg6 32. Qd2 Rf8 33. Bd3 Qh5 34. Bb4 Bxb4 35. Rxg5+ Kh8 36. Qxb4 Nc6 37. Qxf8+ Rxf8 38. Rxh5 Nxd4 39. Ne5 Bxb5 40. Bxb5 Nxb5 41. Rc1 1-0

[Event "Olympiad Women 2024"]
[Site "Budapest HUN"]
[Date "2024.09.13"]
[Round "3.8"]
[Board "3"]
[White "Pham, Bich Ngoc"]
[Black "Krush, Irina"]
[Result "0-1"]
[WhiteElo "2199"]
[BlackElo "2396"]
[PlyCount "46"]
[EventDate "2024.09.11"]
[WhiteTeam "Canada"]
[BlackTeam "United States of America"]
[WhiteTeamCountry "CAN"]

1. Nf3 Nf6 2. g3 b5 3. a4 b4 4. d4 ({RR} 4. c4 bxc3 5. bxc3 e6 6. Bg2 Bb7 7. a5 Na6 8. O-O Be7 9. d3 O-O 10. Nbd2 Rb8 11. Qc2 d6 12. Nd4 Qd7 13. Bxb7 Rxb7 14. Qa4 Qxa4 15. Rxa4 Nd5 16. Ra3 Bf6 17. Ne4 Bxd4 18. cxd4 Nab4 {0-1 Laznicka,V (2667)-Aleksandrov,A (2568) Jurmala Tal Memorial rapid 2017 (10)}) 4... e6 ({RR} 4... Bb7 5. Bg2 c5 6. dxc5 Na6 7. O-O e6 8. Bf4 Bxc5 9. Bd6 Rc8 10. c3 Qb6 11. Bxc5 Rxc5 12. Qd4 O-O 13. a5 Qb5 14. cxb4 Qxb4 15. Nbd2 Qxd4 16. Nxd4 Bxg2 17. Kxg2 Rb8 18. Rfc1 Kf8 19. Rxc5 {0-1 Martin Ramos,D (2101)-Kurajica,B (2418) 6th San Cristobal Open 2024 (1.8)}) 5. a5 $146 ({RR} 5. Bg2 Bb7 6. c4 c5 7. dxc5 Na6 8. Bf4 Nxc5 9. O-O Be7 10. Nbd2 O-O 11. Nb3 Nce4 12. Rc1 Rc8 13. Ng5 d5 14. Nxe4 Nxe4 15. Bxe4 dxe4 16. Qxd8 Rfxd8 17. Be5 Ba6 {½-½ Gubernatorov,S (2271)-Oganyan,A (2175) Stepanov Memorial op 2005 (1)}) 5... c5 6. Bg2 d5 7. c4 bxc3 8. Nxc3 Nc6 9. O-O Be7 10. dxc5 Bxc5 11. e4 O-O 12. Bg5 dxe4 13. Nd2 Ba6 14. Re1 Be7 15. Ndxe4 Nxe4 16. Bxe7 Qxe7 17. Rxe4 Rab8 18. Nd5 Qd8 19. Nc3 Rxb2 20. Na4 Rd2 21. Qe1 Nd4 22. Rxd4 Qxd4 23. Nc5 Re2 0-1